Arcane personnnages - Statistiques

Statistiques générales
  • Ce quiz a été pris 871 fois
  • Le résultat moyen est 8 sur 13
Statistiques - réponses
Par images Réponse % Correct
Vi
100%
Jinx
99%
Ekko
87%
Viktor
78%
silco
77%
Vander
72%
Heimerdinger
60%
Mylo
42%
Mel medarda
36%
claggor
32%
Caitlyn Kiramman
30%
Jayce Tali
26%
Grayson
14%
Aucun quiz correspondant
Distribution des résultats
% des personnes avec chaque résultat
Percentile par nombre de réponses
Votre historique - résultats
Vous n’avez pas pris ce quiz